000 00357 a2200157 4500
001 44496
020 _a9788586218606
040 _cAnchieta - Aquarius
100 _aPimenta, Elaine
240 1 0 _aO bicho-medo e seu segredo
_lpor
245 1 0 _aO bicho-medo e seu segredo
300 _a40
362 0 _a2009
650 4 _aLiteratura infantil
942 _cBK
999 _c44496
_d44496